Le Procès de Vichy ; Pucheu, Pétain, Laval / (Record no. 172182)

MARC details
000 -LEADER
campo de control de longitud fija 00962nam a2200277 i 4500
001 - NÚMERO DE CONTROL
campo de control 172182
003 - IDENTIFICADOR DE NÚMERO DE CONTROL
campo de control ES-MaACL
005 - FECHA Y HORA DE LA ÚLTIMA TRANSACCIÓN
campo de control 20240517201531.0
008 - DATOS DE LONGITUD FIJA--INFORMACIÓN GENERAL
campo de control de longitud fija 090616s1980 be |||| | fre d
020 ## - NÚMERO INTERNACIONAL ESTÁNDAR DEL LIBRO
Número Internacional Estándar del Libro 2-87027-052-6
080 ## - NÚMERO DE LA CLASIFICACIÓN DECIMAL UNIVERSAL
Número de la Clasificación Decimal Universal 944"1940/1945"
100 1# - ENTRADA PRINCIPAL--NOMBRE DE PERSONA
Nombre de persona Kupferman, Fred.
9 (RLIN) 140273
245 13 - MENCIÓN DEL TÍTULO
Título Le Procès de Vichy ; Pucheu, Pétain, Laval /
Mención de responsabilidad, etc. Fred Kupferman.
260 ## - PUBLICACIÓN, DISTRIBUCIÓN, ETC.
Lugar de publicación, distribución, etc. Bruxelles :
Nombre del editor, distribuidor, etc. Éditions Complexe,
Fecha de publicación, distribución, etc. 1980.
300 ## - DESCRIPCIÓN FÍSICA
Extensión 190 p. :
Otras características físicas il., fot. ;
Dimensiones 18 cm.
490 1# - MENCIÓN DE SERIE
Mención de serie La mémoire du siècle. 1944-1945 ;
Designación de volumen o secuencia 4
500 ## - NOTA GENERAL
Nota general Cronología.
500 ## - NOTA GENERAL
Nota general Índice.
504 ## - NOTA DE BIBLIOGRAFÍA, ETC.
Nota de bibliografía, etc. Bibliografía.
600 14 - PUNTO DE ACCESO ADICIONAL DE MATERIA--NOMBRE DE PERSONA
Nombre de persona Pétain, Philippe,
Fechas asociadas al nombre 1856-1951
9 (RLIN) 91459
600 14 - PUNTO DE ACCESO ADICIONAL DE MATERIA--NOMBRE DE PERSONA
Nombre de persona Laval, Pierre.
9 (RLIN) 70684
651 #4 - PUNTO DE ACCESO ADICIONAL DE MATERIA--NOMBRE GEOGRÁFICO
Nombre geográfico Francia-
Subdivisión general Historia-
Subdivisión cronológica 1940-1945, Ocupación alemana.
9 (RLIN) 139486
830 0# - PUNTO DE ACCESO ADICIONAL DE SERIE-TÍTULO UNIFORME
Título uniforme La mémoire du siècle. 1944-1945 ;
Designación de volumen o secuencia 4
9 (RLIN) 223258
852 4# - LOCALIZACIÓN
Ubicación ES-MaACL
Número de control de estantería E-12713
itemnumber R.190349
Nota libre . - Biblioteca Jacinto Martínez Lacalle
Holdings
Estatus retirado Estado de pérdida Estado de daño No para préstamo Biblioteca de origen Biblioteca actual Ubicación en estantería Fecha de adquisición Fuente de adquisición Total de préstamos Signatura topográfica completa Código de barras Visto por última vez Precio de reemplazo Tipo de ítem Koha
        Biblioteca del Ateneo de Madrid Biblioteca del Ateneo de Madrid Depósito 2 16/06/2009     E-12713 1180691 23/02/2023 23/02/2023 Libro impreso